000 00573nam a2200181 a 4500
003 BD-DhJNU
005 20251008024533.0
008 250501s1958 ii a b 001 0 eng
040 _aBD-DhJNU
_bENG
_cBD-DhJNU
_dBD-DhJNU
082 0 0 _a947.081 MOA
_223
100 1 _aMosse, W. E.
245 1 0 _aAlexander II and the modernization of Russia /
_cW. E. Mosse
260 _aLondon :
_bThe English University Press Ltd,
_c1958.
300 _a191 p. :
_bill. ;
_c19 cm.
504 _aIncludes bibliographical references and index.
650 0 _aModernization of Russia
942 _cBK
999 _c2176
_d2176